Sports Quiz

Random Sports or NBA Quiz
Score 0/30 Timer 10:00
0 Plays Today
Team Player % Correct
Atlanta HawksTrae Young
98.6%
Boston CelticsKemba Walker
97.2%
Brooklyn NetsKyrie Irving
96.3%
Golden State WarriorsStephen Curry
93.6%
Oklahoma City ThunderRussell Westbrook
90.9%
Cleveland CavaliersColin Sexton
89.7%
Denver NuggetsJamal Murray
88.7%
Houston RocketsChris Paul
88.3%
San Antonio SpursDejounte Murray
88%
Portland Trail BlazersDamian Lillard
87.7%
Toronto RaptorsKyle Lowry
87.2%
Philadelphia 76ersBen Simmons
86.6%
Washington WizardsJohn Wall
85.3%
Sacramento KingsDe'Aaron Fox
84.7%
Charlotte HornetsTerry Rozier
83.6%
Team Player % Correct
New Orleans PelicansLonzo Ball
82.9%
Milwaukee BucksEric Bledsoe
82.2%
Utah JazzMike Conley
80.8%
Memphis GrizzliesJa Morant
77.3%
Detroit PistonsDerrick Rose
76.7%
Los Angeles LakersLebron James
76.4%
Miami HeatGoran Dragic
75.2%
Phoenix SunsRicky Rubio
74.8%
Los Angeles ClippersPatrick Beverley
73.6%
Chicago BullsCoby White
71.5%
Minnesota TimberwolvesJeff Teague
70.3%
Indiana PacersMalcolm Brogdon
64%
New York KnicksDennis Smith
62.3%
Orlando MagicDJ Augustin
60.1%
Dallas MavericksJalen Brunson
41.2%

You're not logged in!

Compare scores with friends on all Sporcle quizzes.
OR
Log In

Sporcle TV

Today on Sporcle TV


Watch our educational content, quiz creation guides, and fun videos on Sporcle TV.

Show Comments

Extras

Created Jul 9, 2019ReportNominate
Tags:NBA Quiz, guard, Player, point, Starting, team

Top Quizzes Today


Score Distribution

Paid Content

Your Account Isn't Verified!

In order to create a playlist on Sporcle, you need to verify the email address you used during registration. Go to your Sporcle Settings to finish the process.

Report this User

Report this user for behavior that violates our Community Guidelines.

Details: